Tekst piosenki „Krakowski spleen" - Statystyki

Ogólne statystyki
  • Ten quiz został rozwiązany 39 razy
  • Średni wynik to 30 z 40
Statystyki odpowiedzi
Tekst % Poprawnych
Refren I Czekam na {wiatr} co rozgoni
100%
Refren I Czekam na {wiatr} co rozgoni
100%
Refren II Czekam na {wiatr} co rozgoni
100%
Refren II Czekam na {wiatr} co rozgoni
100%
I zwrotka {Chmury} wiszą nad miastem
97%
Refren I Ciemne skłębione {zasłony}
97%
Refren I Ciemne skłębione {zasłony}
97%
Refren II Ciemne skłębione {zasłony}
97%
Refren II Ciemne skłębione {zasłony}
97%
Refren I Ze {słońcem} twarzą w twarz
94%
Refren I Ze {słońcem} twarzą w twarz
94%
Refren II Ze {słońcem} twarzą w twarz
94%
Refren II Ze {słońcem} twarzą w twarz
94%
II zwrotka A słońce {wysoko} wysoko
92%
III zwrotka A słońce {wysoko} wysoko
92%
I zwrotka Naciągam głębiej {kołdrę}
89%
Refren I {Stanę} wtedy na raz
86%
Refren I {Stanę} wtedy na raz
86%
Refren II {Stanę} wtedy na raz
86%
Refren II {Stanę} wtedy na raz
86%
II zwrotka Czasem zabrzęczy {mucha}
81%
II zwrotka Świeci {pilotom} w oczy
75%
III zwrotka Świeci {pilotom} w oczy
75%
I zwrotka Ciemno i {wstać} nie mogę
72%
II zwrotka Poranek przechodzi w {południe}
67%
I zwrotka Wilgoć osiada na {twarzach}
67%
II zwrotka W {sidłach} pajęczyny
67%
III zwrotka Ogrzewa {niestrudzenie}
64%
II zwrotka Rozgrzewa {niestrudzenie}
64%
I zwrotka {Leniwie} pióra wygładza
61%
I zwrotka Powietrze {lepkie} i gęste
58%
II zwrotka {Zimne} niebieskie przestrzenie
58%
III zwrotka {Zimne} niebieskie przestrzenie
58%
I zwrotka Ptak {smętnie} siedzi na drzewie
50%
I zwrotka {Znikam} kulę się w sobie
42%
III zwrotka Z {tęsknotą} myślę o burzy
42%
II zwrotka {Bezwładnie} mijają godziny
39%
III zwrotka Ulice {mgłami} spowite
39%
III zwrotka Przez okno patrzę {znużona}
36%
III zwrotka {Toną} w ślepych kałużach
33%
Nie znaleziono quizów pasujących do podanych kryteriów
Rozkład punktacji
Procent ludzi z każdym wynikiem
Percentyl według liczby udzielonych odpowiedzi
Twoja historia wyników
Nie rozwiązałeś tego quizu